Referendum z pohľadu novelizácie Ústavy Slovenskej republiky
V súvislosti s úvahami o novelizácii Ústavy SR autor poukazuje na aplikačné a výkladové problémy, ktoré môžu vzniknúť vzhľadom na niektoré formulačné nepresnosti v ústavnej úprave referenda. Ide najmä o potrebu bližšieho vymedzenia predmetu referenda, určenia druhov referenda a následne jeho právnyc...
Uložené v:
| Hlavný autor: | |
|---|---|
| Médium: | Kapitola |
| Jazyk: | Slovak |
| Predmet: | |
| Tagy: |
Žiadne tagy, Buďte prvý, kto otaguje tento záznam!
|
MARC
| LEADER | 00000naa a2200000 4500 | ||
|---|---|---|---|
| 001 | r037015 | ||
| 005 | 20230929080556.7 | ||
| 041 | 0 | |a slo | |
| 044 | |a SK | ||
| 245 | 1 | 0 | |a Referendum z pohľadu novelizácie Ústavy Slovenskej republiky |c Dušan Nikodým |
| 520 | |a V súvislosti s úvahami o novelizácii Ústavy SR autor poukazuje na aplikačné a výkladové problémy, ktoré môžu vzniknúť vzhľadom na niektoré formulačné nepresnosti v ústavnej úprave referenda. Ide najmä o potrebu bližšieho vymedzenia predmetu referenda, určenia druhov referenda a následne jeho právnych účinkov. | ||
| 610 | 2 | 0 | |a referendum |
| 610 | 2 | 0 | |a ústava |
| 610 | 2 | 0 | |a Slovensko |
| 610 | 2 | 0 | |a novelizácia |
| 610 | 2 | 0 | |a zákony |
| 610 | 2 | 0 | |a úpravy právne |
| 100 | 1 | |a Nikodým, Dušan | |